Islands of the Caribbean - Shape Quiz - Statistics

General Stats
  • This quiz has been taken 12 times
  • The average score is 16 of 26
Answer Stats
Picture Answer % Correct
Bahamas
91%
Jamaica
91%
Barbados
82%
Cuba
82%
Hispaniola
82%
Puerto Rico
82%
Trinidad and Tobago
82%
Antigua and Barbuda
73%
Saint Kitts and Nevis
73%
Saint Vincent and the Grenadines
73%
US Virgin Islands
73%
Dominica
64%
Grenada
64%
Saint Lucia
64%
Turks and Caicos
64%
British Virgin Islands
55%
Guadeloupe
55%
Martinique
55%
Anguilla
45%
Aruba
45%
Bonaire
45%
Cayman Islands
45%
Curacao
45%
Montserrat
36%
Saint Martin
36%
Saint Barthelemy
27%
No matching quizzes found
Score Distribution
Percent of People with Each Score
Percentile by Number Answered
Your Score History
You have not taken this quiz